| 000 | 01256nas a22002537a 4500 | ||
|---|---|---|---|
| 005 | 20140905170919.0 | ||
| 006 | a|||||r|||| 00| 0 | ||
| 007 | ta | ||
| 008 | 140905b xxu||||| |||| 00| 0 eng d | ||
| 022 | _a0975-6809 | ||
| 022 | _a0976-4348 (Electonic) | ||
| 245 |
_aInternational journal of system assurance engineering and management _cOfficial publication of the Society for Reliability Engineering, Quality and Operations Management (SREQOM), India and the Division of Operation and Maintenance, Lulea University of Technology, Sweden |
||
| 260 |
_bSociety for Reliability Engineering, Quality and Operations Management (SREQOM) _c2014- _aNew Delhi |
||
| 260 | _bDivision of Operation and Maintenance, Lulea University of Technology, Sweden | ||
| 260 |
_aNew Delhi _bSpinger India |
||
| 300 |
_av. _c24 cm (Pbk) |
||
| 310 | _aQuarterly | ||
| 362 | _avol 5 No 1 Jan- March 2014 | ||
| 500 | _aOfficial publication of the Society for Reliability Engineering, Quality and Operations Management (SREQOM), India and the Division of Operation and Maintenance, Lulea University of Technology, Sweden | ||
| 650 | _aSystem Assurance engineering | ||
| 650 | _aSystem Assurance Management | ||
| 856 | _uwww.springer.com/13198 | ||
| 942 |
_2ddc _cSR _s1 |
||
| 999 |
_c88380 _d88380 |
||